Managing effective organizations : An introduction

Bibliographic Details
Main Author: Steer, Richard M
Other Authors: Mowday, Richard T. joint author, Ugson, Gerardo R. joint author
Format: Book
Published: Boston : Kent Publishing Co , 1985
Subjects:

MARC

LEADER 00000cam a2200000 7i4500
001 0000004466
005 20050506.0
020 |a 053403277X 
040 |a INS 
090 0 0 |a HD31.   |b S6876 1985 
100 0 |a Steer, Richard M 
245 1 0 |a Managing effective organizations :   |b An introduction   |c Richard M. Steers, Gerardo R-Ungson & Richard T. Muwday 
260 |a Boston :   |b Kent Publishing Co ,   |c 1985 
300 |a 703p. :   |b ill ;   |c 24 cm. 
500 |a Includes bibliography and indexes 
650 0 0 |a Management I. 
700 1 |a Mowday, Richard T. joint author 
700 1 |a Ugson, Gerardo R. joint author 
999 |a 0000003036   |b BOOK   |c Open Shelf   |e Default branch